Impôt, dépense publique, croissance (Record no. 184783)
[ view plain ]
| 000 -LEADER | |
|---|---|
| campo de control de longitud fija | 01135nam a2200277 i 4500 |
| 001 - NÚMERO DE CONTROL | |
| campo de control | 184783 |
| 003 - IDENTIFICADOR DE NÚMERO DE CONTROL | |
| campo de control | ES-MaACL |
| 005 - FECHA Y HORA DE LA ÚLTIMA TRANSACCIÓN | |
| campo de control | 20231118134121.0 |
| 008 - DATOS DE LONGITUD FIJA--INFORMACIÓN GENERAL | |
| campo de control de longitud fija | 151228s2014 sp cd |||| |dspa d |
| 080 ## - NÚMERO DE LA CLASIFICACIÓN DECIMAL UNIVERSAL | |
| Número de la Clasificación Decimal Universal | 336.5 |
| 111 2# - ENTRADA PRINCIPAL--NOMBRE DE CONGRESO/REUNIÓN | |
| Nombre de congreso/reunión o jurisdicción como elemento de entrada | Entretiens de Royaumont ( |
| Fecha del congreso o de la firma del tratado | 2014. |
| Sede del congreso/Lugar de la reunión | Madrid) |
| 9 (RLIN) | 158411 |
| 245 10 - MENCIÓN DEL TÍTULO | |
| Título | Impôt, dépense publique, croissance |
| Resto del título | : construire un triangle vertueux : vendredi 26 septembre 2014, Ateneo de Madrid / |
| Mención de responsabilidad, etc. | Les Entretiens Royaumont. |
| 246 31 - FORMA VARIANTE DEL TITULO | |
| Título propio/Titulo breve | Impuesto, gasto público, crecimiento |
| Resto del título | : construir un triángulo virtuoso : viernes 26 de septiembre de 2014 |
| 260 ## - PUBLICACIÓN, DISTRIBUCIÓN, ETC. | |
| Lugar de publicación, distribución, etc. | [Madrid : |
| Nombre del editor, distribuidor, etc. | Entretiens de Royaumont, |
| Fecha de publicación, distribución, etc. | 2014] |
| 300 ## - DESCRIPCIÓN FÍSICA | |
| Extensión | 76 p. : |
| Otras características físicas | gráf. col., retr. ; |
| Dimensiones | 21 cm. |
| 490 1# - MENCIÓN DE SERIE | |
| Mención de serie | Les Entretiens de Royaumont ; |
| Designación de volumen o secuencia | Madrid |
| 546 ## - NOTA DE IDIOMA | |
| Nota de lengua/lenguaje | Texto en francés y español. |
| 650 04 - PUNTO DE ACCESO ADICIONAL DE MATERIA--TÉRMINO DE MATERIA | |
| Término de materia o nombre geográfico como elemento de entrada | Gasto público. |
| 9 (RLIN) | 13033 |
| 650 04 - PUNTO DE ACCESO ADICIONAL DE MATERIA--TÉRMINO DE MATERIA | |
| Término de materia o nombre geográfico como elemento de entrada | Política fiscal. |
| 9 (RLIN) | 16296 |
| 710 2# - ENTRADA AGREGADA--NOMBRE DE ENTIDAD CORPORATIVA | |
| Nombre de entidad corporativa o nombre de jurisdicción como elemento de entrada | Entretiens de Royaumont. |
| 9 (RLIN) | 158412 |
| 710 2# - ENTRADA AGREGADA--NOMBRE DE ENTIDAD CORPORATIVA | |
| Nombre de entidad corporativa o nombre de jurisdicción como elemento de entrada | Ateneo de Madrid. |
| 9 (RLIN) | 1875 |
| 830 0# - PUNTO DE ACCESO ADICIONAL DE SERIE-TÍTULO UNIFORME | |
| Título uniforme | Les Entretiens de Royaumont ; |
| Designación de volumen o secuencia | Madrid |
| 9 (RLIN) | 225132 |
| 852 ## - LOCALIZACIÓN | |
| Ubicación | ES-MaACL |
| Número de control de estantería | A-13505 |
| itemnumber | 191797 |
| Sublocalización o colección | R.150245 |
| Ubicación en estantería | Depósito 1 |
| Signatura antigua | Olim: N-6505 |
| 942 ## - ELEMENTOS DE ENTRADA SECUNDARIOS (KOHA) | |
| Fuente del sistema de clasificación o colocación | Clasificación decimal universal |
| Estatus retirado | Estado de pérdida | Fuente del sistema de clasificación o colocación | Estado de daño | No para préstamo | Biblioteca de origen | Biblioteca actual | Ubicación en estantería | Fecha de adquisición | Fuente de adquisición | Total de préstamos | Signatura topográfica completa | Código de barras | Visto por última vez | Precio de reemplazo | Tipo de ítem Koha |
|---|---|---|---|---|---|---|---|---|---|---|---|---|---|---|---|
| Clasificación decimal universal | Biblioteca del Ateneo de Madrid | Biblioteca del Ateneo de Madrid | Depósito 1 | 28/12/2015 | Donación | A-13505 | 1194582 | 23/02/2023 | 23/02/2023 | Libro impreso |
